00571 a2200133 4500020001500000040001300015082001200028245005500040260004900095300003400144520020100178650003600379700002200415 a0470845295 aDLCbDLC a621.38200aWireless networks cP. Nicopolitidis ... [et al.]. aChichester, West Sussex :bJ. Wiley,cc2003. axvi, 405 p. :bill. ;c25 cm.1 a"This volume provides engineers, researchers, postgraduates and senior undergraduate students with an accessible self-contained reference to all of the key areas of wireless networks."--BK JACKET. 0aWireless communication systems.1 aNicopolitidis, P.